01076 a2200169 4500003000500000005001700005020001200022040000900034082001600043100002900059245006400088505056400152650003300716942001400749999001900763952012400782Nust20230515131346.0 a6221311 cNust a001.539,INF aHowerton w ,paul9112313 aInformation handling first principles / cPaul W. Howerton aInformation System Theory as the Foundation of Practice of Practical Design (Page-1), File Organization: Principles and Practices for Processing and Maintaining the Collection (Page-19), Indexing in Depth: Practical Parameters (Page-55), Optimizing Information Searches (Page-89), Feedback from the User (Page-107), The Role of the Information System Executive (Page-137), Organization for a Science Information Service (Page-171), Selection and Training of Information Center Personal (Page-183), Criteria for Total Information System Evaluation (Page-195).  aInformation Handling9112314 2ddccBKB  c176203d176203 00102ddc4070aMCSbMCScGENd2016-12-12o001.539,INFpMCS3354r2016-12-08w2016-12-12yBKzAlmirah No.79, Shelf No.1